Football Fact File - Sergio Aguero - Statistics

General Stats
  • This quiz has been taken 29 times
  • The average score is 9 of 15
Answer Stats
Question Answer % Correct
Three letter nickname Kun
100%
The amount of times he has won the Premier League golden boot 1
90%
This Argentina football legend used to be his father-in-law Diego Maradona
90%
Team he joined in 2006 for around €20 million Atletico Madrid
86%
Age he made his debut for the team above 15
76%
During the COVID pandemic he began streaming on this site Twitch
76%
City of Birth Buenos Aires
71%
The player that assisted him for his title-winning goal against QPR Mario Balotelli
67%
His first club Independiente
52%
He holds the Premier League record for the most of these Hat-tricks
48%
The nickname above was from a cartoon from this country Japan
48%
He scored two goals on his Manchester City debut against this club Swansea City
43%
Won this with the Argentina National Team in 2008 Olympic Gold Medal
38%
He became Manchester City's all-time top scorer after netting in the Champions League against this side Napoli
29%
He became the fifth player in Premier League history to do this when he played Newcastle in 2015 Score 5 goals in a game
24%
No matching quizzes found
Score Distribution
Percent of People with Each Score
Percentile by Number Answered
Your Score History
You have not taken this quiz